Daňové priznanie typu B podáva zamestnanec, ak dosahuje aj iné zdaniteľné príjmy

Kedy podáva daňovník - fyzická osoba daňové priznanie typu B, príklady.

Guardado en:
Detalles Bibliográficos
Autor principal: Kušnírová, Jana, 1977-
Formato: Capítulo de libro
Lenguaje:eslovaco
Materias:
Etiquetas: Agregar Etiqueta
Sin Etiquetas, Sea el primero en etiquetar este registro!

MARC

LEADER 00000naa a2200000 4500
001 0166608
005 20240502072912.3
041 0 |a slo 
044 |a SK 
245 1 0 |a Daňové priznanie typu B podáva zamestnanec, ak dosahuje aj iné zdaniteľné príjmy  |c Jana Kušnírová 
520 |a Kedy podáva daňovník - fyzická osoba daňové priznanie typu B, príklady. 
610 2 0 |a daňovníci 
610 2 0 |a povinnosť daňová 
610 2 0 |a priznania daňové 
100 1 |a Kušnírová, Jana, 1977-